Modern maroeconomic theory

Αποθηκεύτηκε σε:
Λεπτομέρειες βιβλιογραφικής εγγραφής
Άλλοι συγγραφείς: Fitoussi, Jean-Paul, 1942- (Επιμελητής έκδοσης)
Μορφή: Βιβλίο
Γλώσσα:English
Δημοσίευση: Oxford : Basil Blackwell, c1983.
Θέματα:
Ετικέτες: Προσθήκη ετικέτας
Δεν υπάρχουν, Καταχωρήστε ετικέτα πρώτοι!

MARC

LEADER 00000cam a2200000 a 4500
001 1/118345
008 190402t1983####uk | ||| |||| ||eng||
020 |a 0631143564   |q (χαρτόδετο)  
040 |a GR-MyUa  |b gre  |c GR-MyUa  |e AACR2 
041 0 |a eng 
082 7 |a 339   |2 (23)  
245 0 0 |a Modern maroeconomic theory /   |c edited by Jean-Paul Fitoussi.  
260 |a Oxford :   |b Basil Blackwell,   |c c1983.  
300 |a ix, 209 σ. :   |b διαγρ., πίν. ;   |c 23 εκ.  
504 |a Περιλαμβάνει βιβλιογραφικές παραπομπές και ευρετήριο.  
650 0 |a Macroeconomics. 
700 1 |a Fitoussi, Jean-Paul,   |d 1942-  |e edt 
852 |a INST  |b CHIOS  |c TSAMOYRGELIS  |e 20190402  |h 339 MOD  |p 005200038784  |q 005200038784  |t BK  |y 0 
970 |a Σπέντζα  |b Ελένη  |z 02-04-2019